000 00668cam a2200205 a 4500
001 000016275
005 20200929164341.0
008 711216s1964 nyua b 001 0beng d
040 _aDO-SdBNP
_cDLC
_dDLC
_dBNPHU
082 _a923.147
_bL566F
100 1 _aFischer, Louis,
_d1896-1970.
_936341
245 1 4 _aThe life of Lenin /
_cLouis Fischer.
260 _aNew York :
_bHarper & Row,
_c1964.
300 _aviii, 707, [1] p. :
_bil. ;
_c24 cm.
504 _aIncluye notas y referencias bibliográficas al pie de las páginas
500 _aIncluye índice
600 1 0 _aLENIN, VLADIMIR ILICH,
_d1870-1924.
_932408
910 _aCatalogación derivada
049 _aBNGR
999 _c15811
_d15811